Finance for executives: Managing for value creation (Record no. 168410)
[ view plain ]
| 000 -LEADER | |
|---|---|
| fixed length control field | 00399nam a2200145Ia 4500 |
| 008 - FIXED-LENGTH DATA ELEMENTS--GENERAL INFORMATION | |
| fixed length control field | 231217s9999 xx 000 0 und d |
| 041 ## - LANGUAGE CODE | |
| Language code of text/sound track or separate title | English |
| 082 ## - DEWEY DECIMAL CLASSIFICATION NUMBER | |
| Classification number | 658.152 HAW;1 `R' |
| 100 ## - MAIN ENTRY--PERSONAL NAME | |
| Personal name | Hawawini, Gabriel Viallet, Claude |
| 245 #0 - TITLE STATEMENT | |
| Title | Finance for executives: Managing for value creation |
| 250 ## - EDITION STATEMENT | |
| Edition statement | 2nd ed. |
| 260 ## - PUBLICATION, DISTRIBUTION, ETC. | |
| Date of publication, distribution, etc. | 2002 |
| Name of publisher, distributor, etc. | South-Western College |
| 300 ## - PHYSICAL DESCRIPTION | |
| Extent | xvii+606 |
| 942 ## - ADDED ENTRY ELEMENTS (KOHA) | |
| Koha item type | Books |
| Date last seen | Total checkouts | Full call number | Accession number | Cost, total (INR) price | Price effective from | Category | Lost status | Damaged status | Department | Withdrawn status | Home library | Current library | Entry date | Vendor | Cost, normal purchase price | Grants | Billnumber | Billdate | Currency symbol | Conversion rate | Discount | Old discount |
|---|---|---|---|---|---|---|---|---|---|---|---|---|---|---|---|---|---|---|---|---|---|---|
| 26/01/2024 | 658.152 HAW;1 `R' | 19939 | 325.51 | 26/01/2024 | Books | Central Library | Central Library | Central Library | 14/03/2002 | Allied publ. | 7.50 | MBA | 12407 | 28/07/2004 | USD | 51.1 | 1.13 | 15 |
